| 000 | 00367 a2200133 4500 | ||
|---|---|---|---|
| 999 |
_c322687 _d322687 |
||
| 001 | 87614 | ||
| 003 | NUST | ||
| 005 | 20180124123617.0 | ||
| 008 | 180124b xxu||||| |||| 00| 0 eng d | ||
| 082 | _a662.2 MEY | ||
| 100 |
_aMeyer Rudolf; Josef Kohler; Axel Homburg _99696 |
||
| 245 |
_aExplosives, 6th ed _cRudolf Meyer, Josef Kohler, Axel Homburg _hEnglish |
||
| 250 | _a6th | ||
| 260 |
_aGermany _bWiley _c2007 |
||
| 300 | _a421p,VIII | ||
| 942 |
_aCAE NUST _cBK _k662.2 MEY _2ddc |
||